Jeux mobiles par image. - Statistiques

Statistiques générales
  • Ce quiz a été pris 1 086 fois
  • Le résultat moyen est 8 sur 12
Statistiques - réponses
Par images Réponse % Correct
Candy Crush
94%
Angry birds
93%
Clash royal
93%
Clash of clans
92%
Subway Surfers
92%
Pokemon Go
90%
Brawl stars
84%
Snake
81%
League of legends
62%
Plants vs Zombies
56%
Last day on earth
9%
Superbuzzer
4%
Aucun quiz correspondant
Distribution des résultats
% des personnes avec chaque résultat
Percentile par nombre de réponses
Votre historique - résultats
Vous n’avez pas pris ce quiz